000 00806nam a2200241 a 4500
005 20180803165023.0
008 140306b2002 ck ||||| |||| 00| 0 spa d
040 _aCO-BoIAVH
_cCO-BoIAVH
041 _aspa
044 _ack
082 0 4 _a333.72
_bS21v
110 2 _aColombia.
_b Ministerio del Medio Ambiente
245 1 0 _aVoces del SINA
_breportaje al sistema nacional ambiental SINA
260 _aBalboa :
_bMinambiente :
_bCVC,
_c2002.
300 _a233 páginas :
_bmapas, tablas ;
_c21 x 28 cm.
650 6 _aPolítica ambiental
650 6 _aGestión ambiental
650 4 _aPlanificación ambiental
662 _aColombia
700 1 _aSánchez T., Angela
710 2 _aCorporación Autónoma Regional del Valle del Cauca - CVC
942 _cLIBRO
_2ddc
999 _c2633
_d2633